000
00349nam a2200157Ia 4500
003
OSt
005
20231117064253.0
008
170524s9999 xx 000 0 und d
020
_a
0-7513-0377-1
040
_c
IIMT
100
_a
Ardley - Suzanne
245
0
_a
Home Design work books Bathroom
260
_b
Axor
260
_c
1998
942
_2
ddc
_c
02
999
_c
6611
_d
6611